00757nam a2200229Ii 45000010005000000030009000050080041000140200015000550400033000700410008001030840011001111000027001222450014001492640066001633000012002293360026002413370028002673380027002959400050003229990017003729520138003891186CO-ViMGA241108s9999||||xx |||||||||||||| ||und|| a9583006548 aCO-ViMGAbspaerdacCO-ViMGA0 aspa aP DAR11 aRubén Darío95192310aMargarita 1a[Lugar de publicación no identificado] : Panamericana, 2003 avolumen atextbtxt2rdacontent aunmediatedbn2rdamedia avolumebnc2rdacarrier aidficha_siabuc: 1163. -- ficha_no_siabuc:1186 c46686d46686 001040708001aMEVIGERRbMEVIGERRcGENd2004-08-21hVol.1oP DAR1pECA16356r2024-11-26 09:36:29tEj.1w2024-11-26yBKz1163 | 1409